vufinder Bibliothèque Municipale de Charleval de Provence
Se connecter

pavillon des pivoines (Le)

roman

Book Cover
Auteur principal: Lisa See
D'autres auteurs: Pierre Ménard angliciste
Support: Livres
Langue: Francais
Publié: DL 2025 J'ai Lu Paris
Genre: Roman
Collection: Les grands romans J'ai lu
Sujets:
Étiquettes: Ajouter
Pas de Tags !

LEADER 00724nam0a2200205 450
001 16848434
010 |a 978-2-290-41856-7  |b br.  |d 9,2 € 
100 |a 20250707d2026 u u0frey01 ba 
101 1 |a fre  |c eng 
102 |a FR 
200 0 |a pavillon des pivoines (Le)  |e roman  |f Lisa See  |g traduit de l'anglais (Etats-Unis) par Pierre Ménard 
207 1 |a   
210 |a Paris  |b 27 rue Cassette.  |c J'ai Lu  |d DL 2025 
215 |a 1 vol. (478 p.)  |d 18 cm 
225 1 |a Les grands romans J'ai lu 
700 0 |a See  |b Lisa  |f 1955-....  |4 70 
702 0 |a Ménard  |b Pierre  |c angliciste  |f 19..-....  |4 730 
900 |a Roman 
901 |a Accessible au prêt 
995 |a Bibliothèque  |c Bibliothèque  |f 024026171  |h 024026171  |k R SEE  |o p  |q a  |r az  |e Bibliothèque 

Options de recherche

Historique de recherche
Recherche avancée

Trouver plus

Nouveautés

Besoin d'aide ?

Contacter un bibliothécaire